| 000 | 01672caa a2200301 ib4500 | ||
|---|---|---|---|
| 003 | SA-RiAUC | ||
| 005 | 20251221135858.0 | ||
| 008 | 251202s1989 su g i|00f0 ara c | ||
| 040 |
_aSA-JeALM _bara _cSA-RiAUC _erda |
||
| 082 | 0 | 4 | _a253.2 |
| 090 |
_a253.2 _bش ر ي |
||
| 100 | 1 |
_aالشريف، محمد عبد الغفار، _d1953- _eمؤلف. |
|
| 245 | 1 | 0 |
_aأحكام السوق المالية / _cمحمد عبد الغفار الشريف. |
| 300 |
_aترقيم متسلسل؛ _c24 سم. |
||
| 336 |
_aنص _btxt _2rdacontent _3مقالة |
||
| 337 |
_aبدون وسيط _bn _2rdamedia |
||
| 338 |
_aمجلد _bnc _2rdacarrier |
||
| 362 | _aعدد 12، جزء 8 (1412 هجري [1992]) | ||
| 580 | _aفي : مجلة مجمع الفقه الإسلامي. | ||
| 580 | _aفي مؤتمر : مجمع الفقه الإسلامي. | ||
| 650 | 7 |
_aالبورصات (فقه إسلامي) _vمقالات ومحاضرات _2aucsh |
|
| 650 | 7 |
_aالمعاملات (فقه إسلامي) _vمقالات ومحاضرات _2aucsh |
|
| 710 | 2 |
_aمنظمة المؤتمر الإسلامي (جدة، السعودية). _bمجمع الفقه الإسلامي الدولي. _bدورة _n(6 : _d1410 هجري : _cجدة، السعودية) |
|
| 773 | 0 |
_aمنظمة المؤتمر الإسلامي (جدة، السعودية). مجمع الفقه الإسلامي الدولي. دورة (6 : 1410 هجري : جدة، السعودية) _tمجمع الفقه الإسلامي : الدورة السادسة. |
|
| 773 | 0 |
_gعدد 12، جزء 8 (1412 هجري [1992]) _tمجلة مجمع الفقه الإسلامي |
|
| 942 |
_2ddc _cBOOK _n0 |
||
| 949 |
_aSA-JeALM _d251202 _umohamedma123 _n1 |
||
| 999 |
_c13618 _d13618 |
||